000 00905cam a2200277 i 4500
999 _c21929
_d21929
001 2231935
003 BDDh-ASL
005 20231015030049.0
008 760227s1975 ii b 000 0 eng
010 _a 75903111
020 _cRs70.00
040 _aDLC
_cDLC
_dDLC
_dBDDh-ASL
043 _aa-pk---
_aa-ii---
050 0 0 _aDS485.P2
_bS65
082 0 0 _a954.5
_bSOU
245 0 0 _aSources on Punjab history :
_ba study sponsored by the Research Committee on the Punjab /
_ceditors, W. Eric Gustafson, Kenneth W. Jones.
260 _aDelhi :
_bManohar Book Service,
_c1975.
300 _a454 p. :
_c23 cm.
504 _aIncludes bibliographical references.
651 0 _aPunjab (India)
_xHistory
_xSources.
700 1 _aGustafson, W. Eric.
700 1 _aJones, Kenneth W.
710 2 _aResearch Committee on the Punjab.
906 _a7
_bcbc
_corignew
_d4
_encip
_f19
_gy-gencatlg
942 _2ddc
_cBK